| 000 | 00000nam##2200000za#4500 |
| 001 | 9.638255 |
| 003 | CaOODSP |
| 005 | 20240209132622 |
| 007 | cr ||||||||||| |
| 008 | 150407|2005||||xxc|||||o f|0| 0 fre|d |
| 040 | |aCaOODSP|bfre |
| 043 | |an-cn--- |
| 086 | 1 |aAC5-7/2005F-PDF |
| 110 | 2 |aAgence de promotion économique du Canada atlantique. |
| 245 | 10|aRapport sur les investissements étrangers directs [IED] au Canada atlantique, destiné à l'Agence de promotion économique du Canada atlantique / |h[ressource électronique]|cproduit par High Impact Solutions destiné à l'Agence de promotion économique du Canada atlantique. |
| 260 | |aMoncton - Nouveau-Brunswick : |bAgence de promotion économique du Canada atlantique |cJuin 2005. |
| 590 | |a10-15-Supp|b2010-12-10 |
| 691 | 07|aInvestissement étranger|2gcpds |
| 710 | 2 |aHigh Impact Solutions. |
| 775 | 08|tReport on foreign direct investment [FDI] operations in Atlantic Canada for Atlantic Canada Opportunities Agency / |w(CaOODSP)9.694055 |
| 856 | 40|ahttp://publications.gc.ca|qPDF|s130 Ko|uhttps://publications.gc.ca/collections/collection_2010/apeca-acoa/AC5-7-2005-fra.pdf |